000 00497nam a2200181Ia 4500
005 20250317123450.0
008 008 250317s9999 xx 000 0 eng d
037 _aTextbook
040 _aFMSL
_beng
_cFMSL
041 _aeng
_2eng
084 _aB2893 K3
_qFMSL
100 _aAckoff R L
_9735411
245 0 _aManagers guide to operations research
260 _aNd
_bNd, John Wiley
_c1963
300 _a107p
942 _cTB
_hB2893 K3
999 _c1251368
_d1251368